mysqli: Table './ulib62015/stat_globaluid' is marked as crashed and should be repaired
select id from stat_globaluid where statuid='20260518004322_2235'
mysqli: Table './ulib62015/stat_globaluid' is marked as crashed and should be repaired
DELETE FROM stat_globaluid
WHERE id NOT IN (
SELECT id
FROM (
SELECT id
FROM stat_globaluid
ORDER BY id DESC
LIMIT 100
) foo
);
mysqli: Table './ulib62015/stat_globaluid' is marked as crashed and should be repaired
insert into stat_globaluid set
statuid='20260518004322_2235',
dt='1779039802',
phpself='/ULIB62015/dublinfull.php',
agent='Mozilla/5.0 AppleWebKit/537.36 (KHTML, like Gecko; compatible; ClaudeBot/1.0; +claudebot@anthropic.com)',
yea='2026',
mon='5',
dat='18',
ip='216.73.216.45'
mysqli: Table './ulib62015/stathist_viewbib_bib_type' is marked as crashed and should be repaired
insert into stathist_viewbib_bib_type set
dat='18' ,
mon='05' ,
yea='2026' ,
statuid='20260518004322_2235' ,
head='13399122045' ,
foot='marc' ,
dt='1779039802'
| LEADER : 00000nam 2200000uu 4500 |
| 001 13399122045 |
| 003 ULIB |
| 008 180219s2539||||th 000 0 tha d |
| 020 ^a9746033433
|
| 099 ^aนว^bป622ส 2539
|
| 100 1 ^aปิยะพร ศักดิ์เกษม
|
| 245 10 ^aสุดสมรภูมิ /^cปิยะพร ศักดิ์เกษม
|
| 250 ^aพิมพ์ครั้งที่ 2
|
| 260 ^aกรุงเทพฯ :^bดอกหญ้า,^c2539.
|
| 300 ^a144 หน้า ;^c19 ซม.
|
| 650 4 ^aนวนิยายไทย
|
| 945 ^p0^l0^i025931 |
| 999 ^a57066
|
| คุณยังไม่ได้ล็อกอิน คุณสามารถมีกิจกรรมร่วมกับเว็บไซต์ได้ แต่ต้องล็อกอินก่อน :: |
|
|
|
| ลำดับที่ |
ประเภท |
เลขเรียก/บาร์โค้ด |
สถานที่ |
สถานะ |
| 1. |
 นวนิยาย | นว ป622ส 2539 Barcode: 025931 | นวนิยาย | บนชั้น ขอยืม |
| Note:อภินันทนาการโดย |
รายการใกล้เคียง
หัวเรื่อง [นวนิยายไทย]
|
|
ยังไม่เคยถูกคอมเมนท์
|
| คอมเมนท์ทรัพยากรรายการนี้ |
|